<?xml version="1.0" encoding="UTF-8"?>
<collection xmlns="http://www.loc.gov/MARC21/slim">
<record>
  <controlfield tag="001">131995</controlfield>
  <controlfield tag="005">20240308105336.0</controlfield>
  <datafield tag="024" ind1="7" ind2=" ">
    <subfield code="2">doi</subfield>
    <subfield code="a">10.26754/CINAIC.2023.0089</subfield>
  </datafield>
  <datafield tag="037" ind1=" " ind2=" ">
    <subfield code="a">COMPON-2023-CINAIC-0089</subfield>
  </datafield>
  <datafield tag="041" ind1=" " ind2=" ">
    <subfield code="a"></subfield>
  </datafield>
  <datafield tag="100" ind1=" " ind2=" ">
    <subfield code="a">Carrasco,  Eduardo</subfield>
    <subfield code="u">Universidad Metropolitana de Ciencias de la Educación, Chile</subfield>
  </datafield>
  <datafield tag="245" ind1=" " ind2=" ">
    <subfield code="a">Comunicación Interactiva en el chat: Una aproximación a la modelación

matemática a través de la estimación de Fermi</subfield>
  </datafield>
  <datafield tag="260" ind1=" " ind2=" ">
    <subfield code="a">Zaragoza</subfield>
    <subfield code="b">Universidad de Zaragoza, Servicio de Publicaciones</subfield>
    <subfield code="c">2023</subfield>
  </datafield>
  <datafield tag="300" ind1=" " ind2=" ">
    <subfield code="e"></subfield>
  </datafield>
  <datafield tag="520" ind1="3" ind2=" ">
    <subfield code="a">Esta investigación tiene como propósito presentar una experiencia de modelación basada  en procesos de estimación de Fermi, como una alternativa discursiva a la modelación de magnitudes realizada en laboratorios de física experimental en carreras de ingeniería. La experiencia, fue implementada de modo síncrono, utilizando como soporte el sistema de videoconferencia blackboard. Se aplicó una metodología híbrida a partir del uso las herramientas de machine learning y posteriormente, un análisis de contenido a partir , para levantar categorías interpretativas de las interacciones textuales en el chat de la clase. Los resultados arrojaron que los nodos semánticos asociados a las oraciones creadas en el chat, permiten identificar el rol que los actores están teniendo en la interacción en el proceso de aprendizaje. El proceso de delimitación de las variables en la modelación,  permite   validar la hipótesis que van construyendo los estudiantes a partir de la interpelación aprobatoria del profesor. </subfield>
  </datafield>
  <datafield tag="506" ind1=" " ind2=" ">
    <subfield code="a">Access copy available to the general public</subfield>
    <subfield code="f">Unrestricted</subfield>
  </datafield>
  <datafield tag="540" ind1=" " ind2=" ">
    <subfield code="9">info:eu-repo/semantics/openAccess</subfield>
    <subfield code="a">by-nc-nd</subfield>
    <subfield code="u">http://creativecommons.org/licenses/by-nc-nd/3.0/es/</subfield>
  </datafield>
  <datafield tag="653" ind1="1" ind2=" ">
    <subfield code="a">Innovación educativa, machine learning, interacciones textuales, modelación matemática, problemas de fermi   </subfield>
  </datafield>
  <datafield tag="653" ind1="1" ind2=" ">
    <subfield code="a">Educational innovation, machine learning, textual interactions, mathematical modeling, fermi problems  </subfield>
  </datafield>
  <datafield tag="655" ind1=" " ind2="4">
    <subfield code="a">Comunicación</subfield>
  </datafield>
  <datafield tag="700" ind1=" " ind2=" ">
    <subfield code="a">Castro-Navarro,  Emilio J.</subfield>
    <subfield code="u">Universidad Tecnológica Metropolitana, Chile</subfield>
  </datafield>
  <datafield tag="700" ind1=" " ind2=" ">
    <subfield code="a">Vidal,  Francisco</subfield>
    <subfield code="u">Universidad Central de Chile, Chile</subfield>
  </datafield>
  <datafield tag="700" ind1=" " ind2=" ">
    <subfield code="a">Valecillos,  Janeth</subfield>
    <subfield code="u">Universidad Tecnológica Metropolitana, Chile</subfield>
  </datafield>
  <datafield tag="700" ind1=" " ind2=" ">
    <subfield code="a">Pineida,  Carlos</subfield>
    <subfield code="u">Universidad Andrés Bello, Chile</subfield>
  </datafield>
  <datafield tag="700" ind1=" " ind2=" ">
    <subfield code="a">Beltrán,  Jarnishs</subfield>
    <subfield code="u">Universidad de Santiago de Chile, Chile</subfield>
  </datafield>
  <datafield tag="773" ind1=" " ind2=" ">
    <subfield code="d">Zaragoza</subfield>
    <subfield code="g">Actas del VII Congreso Internacional sobre Aprendizaje, Innovación y Cooperación, CINAIC 2023 (18-20 de Octubre de 2023, Madrid, España)



</subfield>
  </datafield>
  <datafield tag="856" ind1="4" ind2=" ">
    <subfield code="s">835458</subfield>
    <subfield code="u">http://zaguan.unizar.es/record/131995/files/089.pdf</subfield>
  </datafield>
  <datafield tag="909" ind1="C" ind2="O">
    <subfield code="o">oai:zaguan.unizar.es:131995</subfield>
    <subfield code="p">comunicaciones-ponencias</subfield>
  </datafield>
  <datafield tag="970" ind1=" " ind2=" ">
    <subfield code="a">COMPON-2023-CINAIC-0089</subfield>
  </datafield>
  <datafield tag="980" ind1=" " ind2=" ">
    <subfield code="a">COMPON</subfield>
  </datafield>
</record>
</collection>